000 00691nam a2200229Ia 4500
003 GCL
008 140319s9999 xx 000 0 ara d
040 _aGCL /
_cGCL
082 0 4 _aد
_b050
_bم م
100 1 _aمؤسسة الكويت للتقدم العلمى
245 1 0 _aمجلة العلوم /
_cمؤسسة الكويت للتقدم العلمى
260 _a[S.N] :
_bمؤسسة الكويت للتقدم العلمى ،
_c1995
300 _a118
490 _aكتاب قضايا عربية
_v0
650 0 4 _aالفلك
650 0 4 _aالعلوم
650 0 4 _aالطاقة
650 0 4 _aالعمارة
650 0 4 _aالارض
650 0 4 _aالشمس
942 _2ddc
_cCF
999 _c26977
_d26977